| 000 -LEADER |
| fixed length control field |
00402 a2200133 4500 |
| 008 - FIXED-LENGTH DATA ELEMENTS--GENERAL INFORMATION |
| fixed length control field |
240729b ||||| |||| 00| 0 eng d |
| 020 ## - INTERNATIONAL STANDARD BOOK NUMBER |
| International Standard Book Number |
9780415054058 |
| 082 ## - DEWEY DECIMAL CLASSIFICATION NUMBER |
| Classification number |
302.23072 |
| 100 ## - MAIN ENTRY--PERSONAL NAME |
| Personal name |
Nicholas W. Jankowski and Klaus Bruhn Jensen |
| 245 ## - TITLE STATEMENT |
| Title |
A Handbook of Qualitative Methodologies for Mass Communication Research (Anthropoloy) |
| 260 ## - PUBLICATION, DISTRIBUTION, ETC. (IMPRINT) |
| Name of publisher, distributor, etc |
Routledge |
| Date of publication, distribution, etc |
1991 |
| 300 ## - PHYSICAL DESCRIPTION |
| Extent |
272p; |
| 942 ## - ADDED ENTRY ELEMENTS (KOHA) |
| Source of classification or shelving scheme |
|